| 000 | 01508nab a22002417a 4500 | ||
|---|---|---|---|
| 999 |
_c5747 _d5747 |
||
| 003 | OSt | ||
| 005 | 20260101205950.0 | ||
| 008 | 190514b xxu||||| |||| 00| 0 spa d | ||
| 040 | _cPJ | ||
| 100 |
_96664 _aMoine, Pablo David |
||
| 245 | 1 | 3 |
_aEl art. 666 del Cód. Civ. y Com.: _bun desencadenante de confusiones y soluciones. Su análisis en el marco de una decisión judicial / _cPablo David Moine. |
| 300 | _ap. 161-166 | ||
| 500 | _aCita: TR LALEY AR/DOC/453/2025. | ||
| 505 | _aSumario: I. Introducción.— II. Acerca de los hechos controversiales.— III. Un repaso por los aspectos generales del cuidado personal. Consideraciones en torno al cuidado personal compartido bajo la modalidad alternada.— IV. El art. 666 del Cód. Civ. y Com. Un punto de encuentro en el ejercicio del cuidado personal y la forma de cumplimiento de la obligación alimentaria.— V. Algunas precisiones relacionadas con el caso bajo análisis.— VI. Reflexión final. | ||
| 505 | _aFallo comentado: Unidad Procesal N°11 de Viedma ~ 22/08/2024 ~ V. R. E. c. L. D. A. s/ sumarísimo (cese de cuota alimentaria). | ||
| 650 | 0 |
_9967 _aDERECHO DE FAMILIA |
|
| 650 | 0 |
_9968 _aALIMENTOS |
|
| 650 | 0 |
_94099 _aCUOTA ALIMENTARIA |
|
| 650 | 0 |
_96665 _aCESACIÓN DE LA OBLIGACIÓN ALIMENTARIA |
|
| 650 | 0 |
_91057 _aJURISPRUDENCIA APLICABLE |
|
| 773 | 0 |
_02844 _93222 _dBuenos Aires : AbeledoPerrot, 1989- _tDerecho de familia. Revista Interdisciplinaria de doctrina y jurisprudencia. Abril 2025-II. _z18511201 |
|
| 942 |
_2udc _cANA |
||